| Tag |
First Indicator |
Second Indicator |
Subfields |
| LEADER |
00000cam a2200000 4500 |
| 001 |
in00000054554 |
| 005 |
20151008052046.0 |
| 008 |
750416s1945 nyu 00000 eng u |
| 010 |
|
|
|a 45008733
|
| 035 |
|
|
|a (OCoLC)01281616
|
| 035 |
|
|
|9 AAH1457AM
|
| 040 |
|
|
|c IAU
|d TXA
|d UtOrBLW
|
| 049 |
|
|
|a TXAM
|c 2 [400247]
|
| 050 |
0 |
0 |
|a HD8072
|b .F52
|
| 082 |
0 |
|
|a 331
|
| 090 |
|
|
|a HD8072
|b .F52 1945
|
| 092 |
|
|
|a 331
|b F559u
|
| 100 |
1 |
|
|a Fitzpatrick, Bernard H.,
|d 1904-
|
| 245 |
1 |
0 |
|a Understanding labor /
|c by Bernard H. Fitzpatrick.
|
| 250 |
|
|
|a 1st ed.
|
| 264 |
|
1 |
|a New York,
|a London :
|b McGraw-Hill Book Company, Inc.,
|c 1945.
|
| 300 |
|
|
|a xiv, 179 pages ;
|c 23 cm.
|
| 336 |
|
|
|a text
|b txt
|2 rdacontent
|
| 337 |
|
|
|a unmediated
|b n
|2 rdamedia
|
| 338 |
|
|
|a volume
|b nc
|2 rdacarrier
|
| 490 |
1 |
|
|a McGraw-Hill industrial organization and management series
|
| 650 |
|
0 |
|a Working class
|z United States
|y 1914-
|
| 650 |
|
0 |
|a Labor movement
|z United States
|y 1914-
|
| 650 |
|
0 |
|a Labor
|z United States
|y 1914-
|
| 830 |
|
0 |
|a McGraw-Hill industrial organization and management series.
|
| 999 |
|
|
|a MARS
|
| 999 |
f |
f |
|s b2fa72e6-f14d-33cb-a9bc-23fa7816094c
|i bc905a47-f6e4-384f-8ee1-d97d1a25d2a9
|t 0
|
| 952 |
f |
f |
|p ric
|a Texas A&M University
|b Rellis Campus
|c Joint Library Facility
|d Remote Storage
|t 0
|e HD8072 .F52 1945
|h Library of Congress classification
|i unmediated -- volume
|m A14800711381
|
| 998 |
f |
f |
|a HD8072 .F52 1945
|t 0
|l Remote Storage
|